Investigación económica de la República de Panamá / (Record no. 131073)

MARC details
000 -LEADER
campo de control de longitud fija 00537nam a2200157 4500
001 - NÚMERO DE CONTROL
campo de control 131073
003 - IDENTIFICADOR DE NÚMERO DE CONTROL
campo de control ES-MaACL
005 - FECHA Y HORA DE LA ÚLTIMA TRANSACCIÓN
campo de control 20230906193917.0
007 - CAMPO FIJO DE DESCRIPCIÓN FÍSICA--INFORMACIÓN GENERAL
campo de control de longitud fija t|
008 - DATOS DE LONGITUD FIJA--INFORMACIÓN GENERAL
campo de control de longitud fija 070214s1933 pn r ||||1| spa d
245 00 - MENCIÓN DEL TÍTULO
Título Investigación económica de la República de Panamá /
Mención de responsabilidad, etc. llevada a cabo a petición del gobierno de Panamá bajo la dirección de George E. Roberts.
260 ## - PUBLICACIÓN, DISTRIBUCIÓN, ETC.
Lugar de publicación, distribución, etc. Panamá :
Nombre del editor, distribuidor, etc. [s. n.],
Fecha de publicación, distribución, etc. 1933 (
Fabricante Imp. Nacional)
300 ## - DESCRIPCIÓN FÍSICA
Extensión 495, XXIV p. ;
Dimensiones 26 cm.
700 1# - ENTRADA AGREGADA--NOMBRE PERSONAL
Nombre de persona Roberts, George E.
9 (RLIN) 97831
852 ## - LOCALIZACIÓN
Ubicación ES-MaACL
Número de control de estantería A-3377
Holdings
Estatus retirado Estado de pérdida Estado de daño No para préstamo Biblioteca de origen Biblioteca actual Ubicación en estantería Fecha de adquisición Fuente de adquisición Total de préstamos Signatura topográfica completa Código de barras Visto por última vez Precio de reemplazo Tipo de ítem Koha
        Biblioteca del Ateneo de Madrid Biblioteca del Ateneo de Madrid Sala Pecera Planta 1 17/01/2008     A-3377 1136462 23/02/2023 23/02/2023 Libro impreso